Fruit Idioms - Statistics

General Stats
  • This quiz has been taken 233 times
  • The average score is 6 of 11
Answer Stats
Idiom Fruit % Correct
One bad ___ spoils the whole barrel apple
95%
I heard it through the ___vine grape
92%
When life gives you___ ... lemons
92%
Let's make like a ___ and split banana
76%
That's like comparing apples and ___ oranges
73%
We need a plan B in case it all goes ___-shaped pear
55%
Everything's been ___ and cream lately peaches
45%
He obviously came from a posh family; he spoke with a ___ in his mouth plum
23%
Sunbathing turned him brown as a ___ berry
20%
She's busier than a ___ merchant at Thanksgiving cranberry
18%
His opinion isn't worth a ___ fig
12%
No matching quizzes found
Score Distribution
Percent of People with Each Score
Percentile by Number Answered
Your Score History
You have not taken this quiz